| 000 | 00695nmm a2200253 a 4500 | ||
|---|---|---|---|
| 003 | AR-BaBNM | ||
| 005 | 20251128210623.0 | ||
| 008 | 240020s1969 ||||||||||||||000 | spa|| | ||
| 040 | _cAR-BaBNM | ||
| 100 | 1 | _aOliver H., Rogelio | |
| 245 | 1 | 0 | _aElección de carrera |
| 250 | _a1ª ed. | ||
| 260 |
_aMéxico, D.F. _bLimusa-Wiley _c1969 |
||
| 300 | 0 |
_a420 p. _btablas |
|
| 500 | 1 | _aContiene referencias bibliográficas, glosario e índices especiales | |
| 650 | 4 | _aORIENTACION PROFESIONAL | |
| 650 | 4 | _aCARRERAS | |
| 650 | 4 | _aELECCION DE UNA OCUPACION | |
| 651 | 4 | _aMéxico | |
| 653 | _aORIENTACION VOCACIONAL | ||
| 653 | 0 | _aORIENTACION EDUCATIVA | |
| 942 | _cBK | ||
| 998 | _cRAQUEL | ||
| 999 |
_c16212 _d16212 |
||